| 000 | 01377nab a2200241 i 4500 | ||
|---|---|---|---|
| 001 | 768714001 | ||
| 003 | CO-MdFUSB | ||
| 005 | 20240710081443.0 | ||
| 008 | 240710t1981 sz ||||| |||| 00| 0 eng d | ||
| 040 |
_bspa _cCO-MdFUSB _dCO-MdFUSB |
||
| 041 | _aeng | ||
| 100 |
_aPokorný, Petr. _eautor |
||
| 245 |
_aThine is the kingdom, the power and the glory _c/ Petr Pokorný |
||
| 520 | _aEstos cinco estudios bíblicos tienen como objetivo profundizar nuestra comprensión del tema del Consejo General: "Tuyo es el Reino, el poder y la gloria". El uso de este folleto debería fomentar la lectura "activa" de la Biblia en congregaciones, grupos y familias cristianas, la lectura "activa" que alguna vez fue una característica de la espiritualidad reformada. Contiene los siguientes temas: 1. El Reino de Dios 2. El Nuevo Pacto 3. Tuyo es el reino 4. Las realidades que se interponen entre el hombre y Dios. 5. La responsabilidad humana en la historia | ||
| 546 | _aTexto en inglés. | ||
| 650 | 7 |
_aReino de Dios _9219 |
|
| 650 | 7 |
_aHermenéutica _9418 |
|
| 650 | 0 |
_aReforma de la iglesia _9958 |
|
| 650 | 7 |
_aCristianismo y cultura _96959 |
|
| 773 | 0 |
_049396 _982820 _dGinebra _oR2671 _tReformed World _w(CO-MdFUSB)38 _x0034-3056 _gVolumen 36, (número 6, 1981) páginas: 247 - 268 _qpágina: 247 |
|
| 942 | _cANA | ||
| 945 | _aCatherine Arias Álvarez - Practicante SENA | ||
| 999 |
_c70468 _d70468 |
||